000 00696cam a22002413a 4500
001 10338
003 PGUSA
005 20140828083223.0
008 031101s2003||||xxu|||||s|||||000 | eng d
040 _aPGUSA
_beng
042 _adc
050 4 _aD501
100 1 _aAaronsohn, Alexander,
_d1888-1948
245 1 0 _aWith the Turks in Palestine
_h[electronic resource] /
_cAlexander Aaronsohn
260 _bProject Gutenberg,
_c2003
506 _aPublic domain in the USA.
516 _aElectronic text
653 _aPalestine
653 _aWorld War, 1914-1918 -- Personal narratives
830 0 _aProject Gutenberg
_v10338
856 4 0 _uhttp://www.gutenberg.org/ebooks/10338
942 _cEB
999 _c239593
_d239593